15 Asian Countries with Highest Life Expectancy - Statistics

General Stats
  • This quiz has been taken 17 times
  • The average score is 13 of 15
Answer Stats
Hint Answer % Correct
84.8 Japan
100%
78,0 Jordan
94%
80.6 Kuwait
94%
82.5 Qatar
94%
83.9 Singapore
94%
78.0 China
88%
77.8 Iran
88%
82.7 Israel
88%
80.3 Oman
88%
79.0 Saudi Arabia
88%
84.4 South Korea
88%
83.1 United Arab Emirates
88%
78,0 Lebanon
82%
81.4 Bahrain
76%
81.3 Maldives
71%
No matching quizzes found
Score Distribution
Percent of People with Each Score
Percentile by Number Answered
Your Score History
You have not taken this quiz